Diploma de operadores Educación social y comunidad de aprendizaje. Educación social y comunidad de aprendizaje

সংরক্ষণ করুন:
গ্রন্থ-পঞ্জীর বিবরন
প্রধান লেখক: Cabanchik, Paula
অন্যান্য লেখক: Caraceglia, Daniel
বিন্যাস: গ্রন্থ
ভাষা:Spanish
প্রকাশিত: Argentina Universidad nacional de Quilmes; Ministerio de Educación. Presidencia de la Nación y Ministerio de Desarrollo Social. Presidencia de la nación Sin fecha
বিষয়গুলি:
ট্যাগগুলো: ট্যাগ যুক্ত করুন
কোনো ট্যাগ নেই, প্রথমজন হিসাবে ট্যাগ করুন!

MARC

LEADER 00000nam a22000007a 4500
003 cru CRAI/IIS
005 20220223154508.0
008 220223bs.f. ag ||||| |||| 00| 0 spa d
040 |c cru CRAI/IIS 
090 |a 06.03.05 C112e 
100 1 |9 10251  |a Cabanchik, Paula 
245 1 |a Diploma de operadores Educación social y comunidad de aprendizaje.  |b Educación social y comunidad de aprendizaje  |c Paula Cabanchik y Daniel Carceglia 
260 |a Argentina  |b Universidad nacional de Quilmes; Ministerio de Educación. Presidencia de la Nación y Ministerio de Desarrollo Social. Presidencia de la nación  |c Sin fecha 
300 |a 80 páginas 
650 0 0 |0 TESAUROS  |2 OCDE  |9 4896  |a EDUCACION COMUNITARIA 
650 0 0 |2 OCDE  |9 5782  |a ECONOMIA SOCIAL 
650 0 0 |2 CLACSO  |9 291  |a EDUCACION POPULAR 
650 0 4 |9 3211  |a METODOLOGIA 
700 1 |9 10252  |a Caraceglia, Daniel 
942 |2 z  |c LI 
999 |c 44110  |d 44110